Kultúrne odlišnosti ako determinant adaptácie jednotlivých politík medzinárodného marketingového mixu bakalárska práca

Guardado en:
Detalles Bibliográficos
Autor principal: Kľúčiková, Adela
Autor Corporativo: Obchodná fakulta EU. Katedra medzinárodného obchodu
Otros Autores: Petríková, Hana
Formato: Libro
Lenguaje:eslovaco
Publicado: Bratislava 2017
Etiquetas: Agregar Etiqueta
Sin Etiquetas, Sea el primero en etiquetar este registro!

MARC

LEADER 00000nbm a2200000 4500
001 0232690
005 20170818095702.3
041 0 |a slo 
044 |a SK 
245 1 0 |a Kultúrne odlišnosti ako determinant adaptácie jednotlivých politík medzinárodného marketingového mixu  |b bakalárska práca  |c Adela Kľúčiková ; školiteľ: Hana Petríková 
264 1 |a Bratislava  |c 2017 
300 |a 72 s. 
100 1 |a Kľúčiková, Adela 
700 1 |a Petríková, Hana 
710 2 |a Obchodná fakulta EU. Katedra medzinárodného obchodu